| 000 | 00731nam a22001935i 4500 | ||
|---|---|---|---|
| 001 | 159020 | ||
| 003 | ES-MaACL | ||
| 005 | 20250524063053.0 | ||
| 008 | 040908s1891 xx |||| | spa d | ||
| 040 |
_aCAM _bspa _cCAM |
||
| 100 | 1 |
_aMartínez Vigil, Ramón, _d1840-1904 _9129639 |
|
| 245 | 1 | 3 |
_aLa antigua civilización de las Islas Filipinas _b: artículos publicados en la España Moderna / _cMartinez Vigil, Obispo de Oviedo. |
| 260 |
_a[S.l. : _bs.n.], _c1891. |
||
| 300 |
_a38 p. ; _c24 cm. |
||
| 500 | _aTodos los datos de la descripción tomados de la cub. | ||
| 651 | 4 |
_aFilipinas- _xHistoria. _98658 |
|
| 852 |
_aES-MaACL _jT-695-F-11 _z-- Enc. hol. _z-- Enc. en un vol. facticio |
||
| 999 |
_c159020 _d159020 |
||